Word Ladder: Mixed Synonyms II Quiz Stats

 Plays Quiz Updated Jul 26, 2019

Score 0/39 Timer 05:00
0 Plays Today
Hint 4-Letter Word % Correct
Wine bottle stopperCORK
95.8%
Chicken cageCOOP
93.8%
Edit an imageCROP
91.1%
Use a rangeCOOK
90.9%
Let fallDROP
90.6%
Shower alternativeBATH
87.6%
There's no I in itTEAM
86.1%
DonnedWORE
85.9%
Cable carTRAM
85.3%
SwiftFAST
83.4%
ShrubBUSH
83.3%
Get rid of excess fatTRIM
82.1%
RUN🕈WORK🕈
81.5%
CriticizeBASH
81.3%
Shakespearean king, Cordelia's father LEAR
81.1%
LoanLEND
79.1%
Used a loomWOVE
77.8%
Ward (off)FEND
75.6%
AchievementFEAT
75.5%
Gathering, partyFEST
75.2%
Hint 4-Letter Word % Correct
RUN🕈TEAR🕈
73.8%
RUN🕈LEAD🕈
70%
EscapedFLED
66.8%
Severe cutGASH
65.4%
Provide with provenderFEED
64.3%
RUN🕈DRIP🕈
62.2%
RUN🕈TRIP🕈
60.8%
RUN🕈FLEE🕈
60.4%
RUN🕈GUSH🕈
60.2%
Not a heel?FLAT
57.9%
Business part of a whipLASH
57%
DefectFLAW
55.4%
Ice slabFLOE
54.4%
RUN🕈LAST🕈
54.2%
RUN🕈FLOW🕈
47.5%
RUN🕈MOVE🕈
39.3%
SulkMOPE
39.1%
RUN🕈LOPE🕈
27.9%
RUN🕈PATH🕈
22.4%

Today's Daily Dose

Missing Word
Sherlocks

Word Ladder
King of the Hill

Quick Pick
Songs in Pink

Get the Picture
NBA Teammates

You're not logged in!

Compare scores with friends on all Sporcle quizzes.
OR
Log In

Sporcle TV

Today on Sporcle TV


Watch our educational content, quiz creation guides, and fun videos on Sporcle TV.

Show Comments

Extras

Top Quizzes Today


Score Distribution

Your Account Isn't Verified!

In order to create a playlist on Sporcle, you need to verify the email address you used during registration. Go to your Sporcle Settings to finish the process.

Report this User

Report this user for behavior that violates our Community Guidelines.

Details: